000 00315nam a22001337a 4500
008 170525b xxu||||| |||| 00| 0 eng d
020 _a0442202725
041 _aeng
080 _a62
100 _a26
101 _aIM
245 _aPLANNING AND CREATING SUCCESSFUL ENGINEERED DESIGNS
_cLOVE, S.F
942 _2udc
_cBK
999 _c14268
_d14268